000 00258nam a2200097Ia 4500
008 220216s9999 xx 000 0 und d
100 _aNg Tuan Tee Paul
245 0 _aUtilisation of rubber wood in furniture manufacturing
650 _aRubber wood
942 _cJS
999 _c72017
_d72017